000 00798nam a2200253Ia 4500
999 _c45712
_d45712
001 12539
003 GE_BSU
005 20221115111752.0
008 181216s2004||||xx |||||||||||||| ||eng||
020 _a9780521786133 X
040 _cGE_BSU
041 _aeng
080 _a811.111'366 R-66
100 _aRoach, Peter
_915807
245 _aEnglish Phonetics and Phonology :
_bA practical course /
_cPeter Roach.
250 _athird edition
260 _aCambridge
264 _aCambridge :
_bUniversity Press,
_c2004
300 _a283 p.:
_b22cm.
653 _aEnglish Phonetics and Phonology
653 _aინგლისური ფონეტიკა და ფონოლოგია
653 _aინგლისური გრამატიკა
942 _cBK
_2udc